Statystyki dla Stary Świat... czy Nowy Świat?

Kliknij tutaj aby rozwiązać quiz!

Ogólne statystyki

  • Ten quiz został rozwiązany 28 razy
  • Średni wynik to 17 z 24

Statystyki odpowiedzi

ZagadnienieOdpowiedź% Poprawnych
KurczakStary Świat
96%
KrowaStary Świat
92%
AwokadoNowy Świat
88%
OspaStary Świat
88%
KońStary Świat
85%
ŚwiniaStary Świat
85%
WaniliaNowy Świat
81%
Świnka morskaNowy Świat
81%
LamaNowy Świat
81%
JabłkoStary Świat
81%
MarchewkaStary Świat
81%
KukurydzaNowy Świat
77%
KotStary Świat
77%
Papryczki chiliNowy Świat
73%
IndykNowy Świat
69%
KakaoNowy Świat
69%
TytońNowy Świat
65%
ZiemniakNowy Świat
62%
RyżStary Świat
62%
PomidorNowy Świat
58%
OpiumStary Świat
50%
Konopie indyjskieStary Świat
50%
KawaStary Świat
27%
BananStary Świat
27%

Rozkład punktacji

Percentyl według liczby udzielonych odpowiedzi

Procent ludzi z każdym wynikiem

Twoja historia wyników

Nie rozwiązałeś tego quizu